Veselé čtení 4 : čítanka pro druhý stupeň základního vzdělávání žáků se sluchovým postižením /

Další autoři: Ptáčková, Klára, Dudek, Adolf, 1964-
Jazyk: Čeština
Vydáno: Praha : Fortuna, 2012-2013
Vydání: 1. vyd.
Témata:
Fyzický popis: 2 sv. (52; 61 s.) : il. (převážně barev.) ; 25 cm + 2 CD
Odebírané svazky: 1-2
Knihy
Uloženo v:
LEADER 01999nam a2200469 aa4500
001 nkc20142537590
003 CZ PrNK
005 20140305140042.0
007 ta
008 140102m20122013xr a c p 000 0 cze
015 |a cnb002537590  |z cnb002435387 
020 |a 978-80-7373-095-6  |q (1. díl :  |q brož.) 
020 |a 978-80-7373-121-2  |q (2. díl :  |q brož.) 
035 |a (OCoLC)827263525 
040 |a ABA001  |b cze 
072 7 |a 82  |x Literatura. Literární život  |2 Konspekt  |9 11 
072 7 |a 37.016  |x Učební osnovy. Vyučovací předměty. Učebnice  |2 Konspekt  |9 22 
080 |a 82:37.016  |2 MRF 
080 |a 316.344.6-056.263-053.2  |2 MRF 
080 |a (075.2)  |2 MRF 
080 |a (075)028  |2 MRF 
245 0 0 |a Veselé čtení 4 :  |b čítanka pro druhý stupeň základního vzdělávání žáků se sluchovým postižením /  |c Klára Ptáčková ... [et al. ; ilustroval Adolf Dudek] 
246 3 0 |a Čítanka pro druhý stupeň základního vzdělávání žáků se sluchovým postižením 
250 |a 1. vyd. 
260 |a Praha :  |b Fortuna,  |c 2012-2013 
300 |a 2 sv. (52; 61 s.) :  |b il. (převážně barev.) ;  |c 25 cm +  |e 2 CD 
650 0 7 |a literární výchova  |7 ph117228  |2 czenas 
650 0 7 |a děti se sluchovým postižením  |7 ph116186  |2 czenas 
650 0 9 |a literary education  |2 eczenas 
650 0 9 |a hearing impaired children  |2 eczenas 
655 7 |a učebnice základních škol  |7 fd133773  |2 czenas 
655 7 |a čítanky  |7 fd133984  |2 czenas 
655 9 |a textbooks (elementary)  |2 eczenas 
655 9 |a readers  |2 eczenas 
700 1 |a Ptáčková, Klára  |7 jx20100224015  |4 aut 
700 1 |a Dudek, Adolf,  |d 1964-  |7 jn20010309777  |4 ill 
910 2 |a BOA001  |b 2-1298.596  |s 1-2 
990 |a BK 
995 |a 01 
991 |b 201302  |c NOV  |e dn 
996 6 |b 2610536406  |c 2-1298.596  |d 1. díl  |v 1  |l MZK  |r Sklad / do 1 hodiny  |n 2  |p p.v.  |w 001309637  |u 000010  |a 1  |e BOA001  |j MZK50  |s P 
996 6 |b 2610577983  |c 2-1298.596  |d 2. díl  |v 2  |l MZK  |r Sklad / do 1 hodiny  |n 0  |p p.v.  |w 001309637  |u 000020  |a 1  |e BOA001  |j MZK50  |s P